Электротехника и электроника: учебное пособие для вузов

Bibliographic Details
Main Author: Лукутин А. В. Алексей Владимирович
Corporate Author: Национальный исследовательский Томский политехнический университет (ТПУ)
Other Authors: Шандарова Е. Б. Елена Борисовна
Summary:Заглавие с титульного экрана
Электронная версия печатной публикации
Пособие содержит материалы, предусмотренные программой курса «Электротехника и электроника». В пособии изложены основные положения теории и методы решения задач по следующим разделам: цепи постоянного тока, цепи однофазного синусоидального и трехфазного токов, магнитные цепи постоянного и переменного тока; дано описание устройства и рабочих свойств электрических машин; рассмотрены основные элементы и устройства электроники, принципы их построения и функционирования. Пособие предназначено для самостоятельной работы студентов неэлектротехнических специальностей ТПУ.
Режим доступа: из корпоративной сети ТПУ
Language:Russian
Published: Томск, Изд-во ТПУ, 2010
Subjects:
Online Access:http://www.lib.tpu.ru/fulltext2/m/2011/m349.pdf
Format: Electronic Book
KOHA link:https://koha.lib.tpu.ru/cgi-bin/koha/opac-detail.pl?biblionumber=201506

MARC

LEADER 00000nlm0a2200000 4500
001 201506
005 20240116131916.0
035 |a (RuTPU)RU\TPU\book\219624 
090 |a 201506 
100 |a 20110927d2010 m y0rusy50 ca 
101 0 |a rus 
102 |a RU 
105 |a a j 001zy 
135 |a drcn ---uucaa 
181 0 |a i  
182 0 |a b 
200 1 |a Электротехника и электроника  |e учебное пособие для вузов  |f А. В. Лукутин, Е. Б. Шандарова  |g Национальный исследовательский Томский политехнический университет (ТПУ) 
203 |a Текст  |c электронный 
210 |a Томск  |c Изд-во ТПУ  |d 2010 
300 |a Заглавие с титульного экрана 
300 |a Электронная версия печатной публикации 
330 |a Пособие содержит материалы, предусмотренные программой курса «Электротехника и электроника». В пособии изложены основные положения теории и методы решения задач по следующим разделам: цепи постоянного тока, цепи однофазного синусоидального и трехфазного токов, магнитные цепи постоянного и переменного тока; дано описание устройства и рабочих свойств электрических машин; рассмотрены основные элементы и устройства электроники, принципы их построения и функционирования. Пособие предназначено для самостоятельной работы студентов неэлектротехнических специальностей ТПУ. 
333 |a Режим доступа: из корпоративной сети ТПУ 
337 |a Adobe Reader 
452 1 |0 (RuTPU)RU\TPU\book\201817  |t Электротехника и электроника  |o учебное пособие для вузов  |f А. В. Лукутин, Е. Б. Шандарова  |g Национальный исследовательский Томский политехнический университет (ТПУ)  |c Томск  |n Изд-во ТПУ  |d 2010  |p 198 с.  |a Лукутин, Алексей Владимирович 
606 1 |a Электротехника общая  |2 stltpush  |3 (RuTPU)RU\TPU\subj\20906  |9 45967 
610 1 |a электронный ресурс 
610 1 |a труды учёных ТПУ 
610 1 |a учебные пособия 
610 1 |a электрические цепи постоянного тока 
610 1 |a электрические цепи синусоидального тока 
610 1 |a электрические цепи 
610 1 |a трехфазные электрические цепи 
610 1 |a линейные электрические цепи 
610 1 |a переходные процессы 
610 1 |a магнитные цепи 
610 1 |a трансформаторы 
610 1 |a трехфазные асинхронные двигатели 
610 1 |a машины постоянного тока 
610 1 |a синхронные машины 
610 1 |a электроприводы 
610 1 |a полупроводниковые устройства 
610 1 |a полупроводниковые приборы 
675 |a 621.3(075.8)  |v 3 
700 1 |a Лукутин  |b А. В.  |c специалист в области электротехники  |c доцент Томского политехнического университета  |g Алексей Владимирович  |3 (RuTPU)RU\TPU\pers\27023  |9 12608 
701 1 |a Шандарова  |b Е. Б.  |c специалист в области электротехники  |c доцент Томского политехнического университета, кандидат технических наук  |f 1971-  |g Елена Борисовна  |3 (RuTPU)RU\TPU\pers\26024  |9 11871 
712 0 2 |a Национальный исследовательский Томский политехнический университет (ТПУ)  |c (2009- )  |3 (RuTPU)RU\TPU\col\15902 
801 1 |a RU  |b 63413507  |c 20110927 
856 4 |u http://www.lib.tpu.ru/fulltext2/m/2011/m349.pdf 
942 |c CF